000 00464cam a22001337a 4500
008 180718b2v. xxu||||| |||| 00| 0 eng d
082 _aA81x54 01/20PCA
100 _aCensus of India 2001
245 _aWest Bengal: primary census abstract
260 _aDelhi
_bThe Controller of Publications
_c2v.
440 _aCensus of India 2001. Series 20, West Bengal
500 _aContents: v.1. 359+p., Tables A5-A7;v.2. 517p., Tables A8-A9
650 _aWest Bengal - Census
999 _c481797
_d481797